00724nam a2200205Ia 4500003000900000008004100009020001600050040001600066080001600082245009800098260005700196300001500253650004100268650001400309650001900323700003400342942000700376999001500383952012000398IN-BaIIA211028s9999 xx 000 0 eng d a87081-025-1 cIIA Library a524.83bCOS 0aCosmology, fusion and other mattersbGeorge Gamow memorial volumecedited by Frederick Reines aColoradobColorado Associated University Pressc1972 axiv, 320p. aAstronomy and astrophysics thesaurus aCosmology aUniverse91987 aReines, Frederick., ed.97573 cBK c4310d4310 00104070aBANbBANcGENd1973-10-12g132.00l0o524.83/ COSp4809r2021-11-05v132.00w1973-10-12yBKGRs. 132.00